Estado de derecho y seguridad jurídica / (Registro nro. 6125)
[ vista simple ]
| 000 -LEADER | |
|---|---|
| fixed length control field | 00838nabaa22001937a 4500 |
| 003 - CONTROL NUMBER IDENTIFIER | |
| control field | OSt |
| 005 - DATE AND TIME OF LATEST TRANSACTION | |
| control field | 20260122214525.0 |
| 008 - FIXED-LENGTH DATA ELEMENTS--GENERAL INFORMATION | |
| fixed length control field | 190701b xxu||||| |||| 00| 0 spa d |
| 040 ## - CATALOGING SOURCE | |
| Transcribing agency | PJ |
| 100 ## - MAIN ENTRY--PERSONAL NAME | |
| 9 (RLIN) | 410 |
| Personal name | Dalla Via, Alberto Ricardo |
| 245 13 - TITLE STATEMENT | |
| Title | Estado de derecho y seguridad jurídica / |
| Statement of responsibility, etc | Alberto R. Dalla Via. |
| 300 ## - PHYSICAL DESCRIPTION | |
| Extent | p. 3-12 |
| 505 ## - FORMATTED CONTENTS NOTE | |
| Formatted contents note | Sumario: I. El imperio de la ley y el Estado de derecho.— II. Anomia y seguridad jurídica.— III. El law-making process.— IV. Consideraciones finales. |
| 505 ## - FORMATTED CONTENTS NOTE | |
| Title | ¿Te interesa el texto completo? Comunicate al correo: koha@justierradelfuego.gov.ar |
| 650 #0 - SUBJECT ADDED ENTRY--TOPICAL TERM | |
| 9 (RLIN) | 211 |
| Topical term or geographic name as entry element | DERECHO ADMINISTRATIVO |
| 650 #0 - SUBJECT ADDED ENTRY--TOPICAL TERM | |
| 9 (RLIN) | 893 |
| Topical term or geographic name as entry element | ESTADO DE DERECHO |
| 773 0# - HOST ITEM ENTRY | |
| Host Biblionumber | 2842 |
| Host Itemnumber | 3251 |
| Place, publisher, and date of publication | Buenos Aires : AbeledoPerrot, 2012- |
| Other item identifier | DA121 |
| Title | Derecho administrativo. Nº 148 julio/agosto 2023 |
| International Standard Book Number | 18510590 |
| 942 ## - ADDED ENTRY ELEMENTS (KOHA) | |
| Source of classification or shelving scheme | |
| Koha item type | Analítica Artículo de Revista |
No hay ítems disponibles.
